000 00947nam0a22002771 4500
001 rc\2776987
005 20250806204941.0
035 _a(NLR Aleph) 006903268
090 _a30794
_c30794
100 _a20110915d1941 u y0rusy50 ca
101 0 _arus
102 _aRU
105 _aa z |||||
200 1 _aПервая помощь при ранениях
_fИ. И. Федотов
_gПод общ. ред. заслуж. деятеля науки проф. В. С. Левит
205 _a2-е изд.
210 _aМосква
_cВоениздат НКО СССР
_d1941
215 _a32 с.
_cил.
_d14 см.
700 1 _aФедотов
_bИ.И.
_f1888-
_gИван Иванович
702 1 _aЛевит
_bВ.С.
_4340
801 0 _aRU
_bNLR
_gpsbo
801 1 _aRU
_bELAR
_2rusmarc
852 _aNLR
_jВ40 Г-2/748
942 _cBOOK
945 _aРоссийская национальная библиотека
980 _aNB
980 _aBV